00551nam a22002057a 450000500170000001000110001702000220002803500110005003700160006104000120007708200110008924500840010026000510018427000120023530000200024750000230026765000160029065000130030670000260031920170124110120.0 a697253 c00.00a0520022203 a697253 bCen Lib/Ret aDPLbEN aSbDEA aA death in delhi :cedited by Gorden C. Roadarmel bmoder hindi short stories / bUniversity of California Press c1972aLondon  bLondon  a211p.c19cm(Hb) aIncludes glossary  aLiterature  aStories  aRoadarmel, Gorden C.